Ranking Every NFL #1 OVR Pick Since 2000 - Statistics

General Stats
  • This quiz has been taken 23 times
  • The average score is 13 of 25
Answer Stats
Year Player % Correct
2023 Bryce Young
85%
2024 Caleb Williams
85%
2006 Mario Williams
80%
2020 Joe Burrow
70%
2016 Jared Goff
65%
2017 Myles Garrett
65%
2005 Alex Smith
60%
2007 JaMarcus Russell
60%
2019 Kyler Murray
60%
2021 Trevor Lawrence
60%
2012 Andrew Luck
55%
2018 Baker Mayfield
50%
2015 Jameis Winston
50%
2009 Matthew Stafford
50%
2011 Cam Newton
45%
2004 Eli Manning
45%
2002 David Carr
40%
2010 Sam Bradford
40%
2014 Jadeveon Clowney
35%
2008 Jake Long
35%
2022 Travon Walker
35%
2003 Carson Palmer
30%
2013 Eric Fisher
30%
2000 Courtney Brown
25%
2001 Michael Vick
25%
No matching quizzes found
Score Distribution
Percent of People with Each Score
Percentile by Number Answered
Your Score History
You have not taken this quiz